| 000 | 00722nam a22001937i 4500 | ||
|---|---|---|---|
| 999 |
_c23208 _d23208 |
||
| 003 | AR-CdUCM | ||
| 008 | 250129b20222022 pe||||| |||| 00| 0 spa d | ||
| 020 | _a978-612-48826-0-9 | ||
| 040 |
_aMUNICIPALIDAD PROVINCIAL DEL CUSCO _cBIBLIOTECA MUNICIPAL DEL CUSCO |
||
| 041 | _hspa | ||
| 082 |
_a869.41 / V47B _bV47B |
||
| 100 |
_aVera Mendoza, MiluzKa _950987 |
||
| 245 | _aBicentenario Poético / | ||
| 260 |
_aLima : _bGabiota Azul Editores _c2022 |
||
| 300 |
_a90 páginas. : _c21x15 cm. |
||
| 505 | _aPalabras -- Bicentenario -- Mamita asunta -- Inquisidora -- Año sin igual -- Aquí estoy -- Lloclla -- Nupcias -- A ti Cesar -- Huacachina -- Huellas imborrables | ||
| 942 |
_2ddc _cLIBROS |
||
| 945 |
_apbjr _d29-01-2025 |
||